|
|
|
|
| LEADER |
00625nab a2200193 i 4500 |
| 001 |
publ30390 |
| 005 |
20250205135120.0 |
| 008 |
250205s2008 hu o 000 eng d |
| 022 |
|
|
|a 1564-1120
|
| 024 |
7 |
|
|a 2225135
|2 mtmt
|
| 040 |
|
|
|a SZTE Publicatio Repozitórium
|b hun
|
| 041 |
|
|
|a eng
|
| 100 |
1 |
|
|a Paál Tamás
|
| 245 |
1 |
0 |
|a Drotrecogin alfa - Thrombosis?
|h [elektronikus dokumentum] /
|c Paál Tamás
|
| 260 |
|
|
|c 2008
|
| 300 |
|
|
|a 13-15
|
| 490 |
0 |
|
|a WHO PHARMACEUTICALS NEWSLETTER
|v 2008 No. 5-6
|
| 650 |
|
4 |
|a Általános orvostudomány
|
| 856 |
4 |
0 |
|u http://publicatio.bibl.u-szeged.hu/30390/1/aok_klny_259_08.pdf
|z Dokumentum-elérés
|